000 00525nam a22002051a 4500
001 1971
003 OSt
005 20260204211755.0
008 040122s1993||||sp ||||||b||||||||||spa||
020 _a9253033681
050 _a630.715 A45g
082 _a630.715 A45g
100 _aAxinn, George H.
245 _aGuía de los distintos enfoques de la extensión / H. George Axinn
264 _aEspaña : Fao
300 _a137 p.
500 _aIncluye bibliografía
650 _a1.Extensión AgrícolaÌ
942 _2ddc
_cBK
999 _c1971
_d1971